[Event "Manavgat Turkey Cup"]
[Site "Manavgat"]
[Date "2016.02.02"]
[Round "5"]
[White "Oztekin, Mehmet Metin"]
[Black "Gonen, Mutlu"]
[Result "0-1"]
[WhiteElo "1903"]
[BlackElo "1608"]
[PlyCount "58"]
[EventDate "2016.01.30"]
[EventType "swiss"]
[EventRounds "11"]
[EventCountry "TUR"]
[SourceTitle "CBM 170 Extra"]
[Source "ChessBase"]
[SourceDate "2016.02.25"]
[SourceVersion "1"]
[SourceVersionDate "2016.02.25"]
[SourceQuality "1"]

1. Nf3 d5 2. c4 Nf6 3. cxd5 Nxd5 4. e4 Nb6 5. d4 e6 6. Nc3 Be7 7. Bd3 c5 8. d5 exd5 9. exd5 0-0 10. 0-0 Bg4 11. a4 Kh8 12. Re1 f5 13. a5 Nc8 14. h3 Bxf3 15. Qxf3 Nd6 16. Bf4 Nd7 17. Re6 c4 18. Bxd6 Bxd6 19. Bxf5 Qg5 20. Rxd6 Ne5 21. Qe3 Qxf5 22. Re1 Nd3 23. Re2 Nf4 24. Rd2 Rae8 25. g4 Qg5 26. Ne4 Qe5 27. f3 Qxd6 28. Qxa7 Nxh3+ 29. Kh1 Qf4 0-1